El buen salvaje /

Uloženo v:
Podrobná bibliografie
Hlavní autor: Caballero Calderón, Eduardo, 1910-1993 (Autor)
Médium: Elektronický zdroj E-kniha
Jazyk:španělština
Vydáno: Bogotá, Colombia : Editorial Oveja Negra, 2003.
Vydání:Primera edición.
Témata:
On-line přístup:Digitalia Hispánica
Tagy: Přidat tag
Žádné tagy, Buďte první, kdo vytvoří štítek k tomuto záznamu!

MARC

LEADER 00000nam a2200000Ia 4500
001 DIGOVENEG147
003 NyNyDIG
008 150201s2003 ck o 000 1 spa d
006 m o d
007 cr |||||||||||
020 |z 9580610401  |q pbk. 
020 |z 9789580610403  |q pbk. 
040 |a DGITA  |b eng  |e rda  |e pn  |c DGITA 
050 4 |a PQ8179.C13 ebook 
100 1 |a Caballero Calderón, Eduardo, 1910-1993,   |e author 
245 1 3 |a El buen salvaje /  |c Eduardo Caballero Calderón. 
250 |a Primera edición. 
264 1 |a Bogotá, Colombia :  |b Editorial Oveja Negra,  |c 2003. 
300 |a 1 online resource (247 pages) 
336 |a text  |b txt  |2 rdacontent 
337 |a computer  |b c  |2 rdamedia 
338 |a online resource  |b cr  |2 rdacarrier 
500 |a Premio Eugenio Nadal 1965. 
588 |a Description based on online resource; title from PDF title page (Digitalia, viewed January 5, 2015) 
650 0 |a Colombians  |z France  |z Paris  |v Fiction.  
655 7 |e lectronic books.  |2 lcsh 
791 2 |a Digitalia (Firm),  |e distributor. 
793 0 |a Digitalia eBook Collection: Editorial Oveja Negra. 
776 0 8 |i Print version:  |a Caballero Calderón, Eduardo.  |t Buen salvaje .  |d Bogotá : Editorial Oveja Negra, 2003  |z 9789580610403. 
856 4 0 |3 Digitalia Hispánica  |u https://digitalia.unach.elogim.com/a/30111/